Geography Country Tile Select Quiz - Statistics

General Stats
  • This quiz has been taken 200 times
  • The average score is 60 of 80
Answer Stats
Question Tile Select % Correct
Countries in Africa Singapore No
100%
Countries in Africa Cuba No
99%
Countries in Africa Botswana Yes
98%
Countries in Africa Gambia Yes
98%
Countries in Africa Belize No
97%
Countries in Africa Bhutan No
97%
Countries in Africa Chad Yes
97%
Countries in Africa Ghana Yes
97%
Countries in Africa Mali Yes
97%
Countries in Africa Somalia Yes
97%
Countries in Africa Morocco Yes
96%
Countries in Africa Suriname No
96%
Countries in Africa Maldives No
95%
Countries with Spanish as Official Language Argentina Yes
94%
Countries in Africa Eswatini Yes
94%
Countries in Africa Burundi Yes
91%
Countries with Spanish as Official Language Ecuador Yes
90%
Countries with Spanish as Official Language El Salvador Yes
90%
Countries with Spanish as Official Language Guinea No
90%
Countries with Spanish as Official Language Brazil No
88%
Countries with Spanish as Official Language Paraguay Yes
88%
Countries without Coastlines Guyana No
86%
Countries with Spanish as Official Language Panama Yes
86%
Countries with a Population over 50 mio. France Yes
85%
Countries with Spanish as Official Language Cuba Yes
84%
Countries without Coastlines Finland No
84%
Countries in Africa Seychelles Yes
84%
Countries with Spanish as Official Language Bolivia Yes
83%
Countries without Coastlines North Korea No
83%
Countries without Coastlines Senegal No
83%
Countries with higher GDP (nominal) per capita than Portugal Uruguay No
83%
Countries with higher GDP (nominal) per capita than Portugal Hungary No
82%
Countries with higher GDP (nominal) per capita than Portugal Maldives No
82%
Countries with a Population over 50 mio. Egypt Yes
81%
Countries with Spanish as Official Language Jamaica No
81%
Countries with higher GDP (nominal) per capita than Portugal Japan Yes
80%
Countries with Spanish as Official Language Nicaragua Yes
80%
Countries with a Population over 50 mio. Bangladesh Yes
79%
Countries without Coastlines Nigeria No
79%
Countries with a Population over 50 mio. Turkey Yes
79%
Countries with a Population over 50 mio. Australia No
78%
Countries without Coastlines Austria Yes
78%
Countries without Coastlines Mongolia Yes
76%
Countries without Coastlines South Sudan Yes
76%
Countries with Spanish as Official Language Barbados No
75%
Countries without Coastlines Bolivia Yes
75%
Countries with higher GDP (nominal) per capita than Portugal Greece No
75%
Countries without Coastlines Slovakia Yes
74%
Countries with a Population over 50 mio. Thailand Yes
73%
Countries with higher GDP (nominal) per capita than Portugal Belgium Yes
72%
Countries with a Population over 50 mio. Ukraine No
72%
Countries with a Population over 50 mio. Vietnam Yes
72%
Countries without Coastlines Rwanda Yes
71%
Countries without Coastlines Slovenia No
70%
Countries with a Population over 50 mio. Algeria No
68%
Countries with Spanish as Official Language Haiti No
68%
Countries with higher GDP (nominal) per capita than Portugal Italy Yes
68%
Countries with higher GDP (nominal) per capita than Portugal Poland No
67%
Countries without Coastlines Ethiopia Yes
66%
Countries with a Population over 50 mio. South Korea Yes
66%
Countries with a Population over 50 mio. Saudi Arabia No
65%
Countries with higher GDP (nominal) per capita than Portugal Ireland Yes
61%
Countries without Coastlines Jordan No
61%
Countries without Coastlines Laos Yes
61%
Countries with a Population over 50 mio. Malaysia No
61%
Countries with higher GDP (nominal) per capita than Portugal Finland Yes
60%
Countries with a Population over 50 mio. Spain No
60%
Countries with Spanish as Official Language Belize No
59%
Countries without Coastlines Sudan No
57%
Countries with a Population over 50 mio. Argentina No
56%
Countries with Spanish as Official Language Andorra No
55%
Countries with higher GDP (nominal) per capita than Portugal China No
53%
Countries with a Population over 50 mio. Kenya Yes
50%
Countries with higher GDP (nominal) per capita than Portugal Israel Yes
48%
Countries with Spanish as Official Language Equatorial Guinea Yes
47%
Countries with a Population over 50 mio. Tanzania Yes
47%
Countries with higher GDP (nominal) per capita than Portugal Saudi Arabia No
41%
Countries with higher GDP (nominal) per capita than Portugal Brunei Yes
32%
Countries with higher GDP (nominal) per capita than Portugal Estonia Yes
25%
Countries with higher GDP (nominal) per capita than Portugal Bahamas Yes
22%
No matching quizzes found
Score Distribution
Percent of People with Each Score
Percentile by Number Answered
Your Score History
You have not taken this quiz